000 00708nam a2200229Ia 4500
008 150520s9999 xx 000 0 und d
050 _aQA 76.76.A65
050 _b.D538 2015
100 _aDiduro, Erika.
245 _aDevelopment of making quest :
245 _ban educational and adventure mobile gaming application /
245 _cErika Diduro, Jairose, Jacildo, Candy Quitania and Saudan Sibugan.
260 _aLas PiƱas, Philippines :
260 _bSISC,
260 _c2015.
300 _a82 pages :
300 _bcolor illustrations ;
300 _c28 cm.
500 _aIncludes bibliographical references and appendices.
650 _aComputer Software
650 _xMarine Quest
999 _c284030
_d284030